Представление документа в формате RUSMARC

ПолеНазваниеЗначение
  Тип записи a
  Библиографический уровень m
001 Контрольный номер RU/CBS_UL/BASE/9ca2b5a7e2ed473d97ae9e222128a7a9
005 Дата корректировки 20260128142211.5
010 Индекс ISBN __
a ISBN
b Уточнения в пер.
d Цена 75 к.
9 Тираж 100 000 экз.
100 Данные общей обработки __
a Данные общей обработки 20260128d 0rusy0189## ca
101 Язык документа 0_
a Язык текста rus
102 Страна публикации __
a Страна публикации RU
200 Заглавие и сведения об ответственности 1_
a Заглавие Меж людей и с людьми
e Сведения, относящиеся к заглавию статьи
f Первые сведения об ответственности М. Ф. Рыльский
210 Выходные данные 1_
a Место издания Москва
c Издательство Молодая гвардия
d Дата издания 1982
215 Физическое описание __
a Объем 222 с.
c Иллюстрации/тип воспроизводства ил.
d Формат 21 см.
225 Серия 2_
a Серия Писатель-молодежь-жизнь
300 Общие примечания __
a Общие примечания Под инв. номером 1046: Цс-2, 5-1
300 Общие примечания __
a Общие примечания Разделы: Наше кровное дело ; Классики и современники ; Счастливые наследники
300 Общие примечания __
a Общие примечания 16+
606 Тематические рубрики 0_
a Основная рубрика Литературоведение - Статьи
610 Ключевые слова 0_
a Ключевые слова статьи о комсомоле; призвание писателя; молодежь; гражданственность; гармоническое развитие личности
686 Индексы других классификаций __
2 Код системы rubbk
a Классификационный индекс 83.3(4Укр)
700 Автор _1
a Фамилия Рыльский
b Имя (инициалы) М. Ф.
g Полное личное имя Максим Фадеевич
801 Источник записи _0
a Страна RU
b Организация МБУК ЦБС г. Ульяновска
c Дата составления 20260128
g Правила каталогизации RCR
801 Источник записи _1
a Страна RU
b Организация МБУК ЦБС г. Ульяновска
c Дата составления 20260128
g Правила каталогизации RCR
852 Данные о местонахождении __
i Авторский знак Р 95
j Шифр хранения 83.3(4)
901 Тип документа __
t Тип документа m
909 Создатель записи __
a Создатель записи obr2
b Дата создания записи 20260128